| 000 | 00000nam 2200000zi 4500 |
| 001 | 9.946601 |
| 003 | CaOODSP |
| 005 | 20250410110642 |
| 006 | m o d f |
| 007 | cr |n||||||||| |
| 008 | 250107t20252025onca o f000 0 fre d |
| 020 | |a9780660751429 |
| 040 | |aCaOODSP|bfre|erda|cCaOODSP |
| 043 | |an-cn--- |
| 086 | 1 |aM4-258/2025F-PDF |
| 245 | 00|aCe que nous avons entendu : |bmobilisation à l'égard du cadre national sur le partage des avantages et du Programme de garanties de prêts pour les Autochtones. |
| 264 | 1|a[Ottawa] : |bRessources naturelles Canada = Natural Resources Canada, |c[2025] |
| 264 | 4|c©2025 |
| 300 | |a1 ressource en ligne (ix, 32 pages) : |billustrations |
| 336 | |atexte|btxt|2rdacontent/fre |
| 337 | |ainformatique|bc|2rdamedia/fre |
| 338 | |aressource en ligne|bcr|2rdacarrier/fre |
| 500 | |aPublié aussi en anglais sous le titre : What we heard: engagement on the national benefits-sharing framework and Indigenous Loan Guarantee Program. |
| 650 | 6|aAide de l'État aux autochtones|zCanada. |
| 650 | 6|aRéconciliation|xPolitique gouvernementale|zCanada. |
| 650 | 6|aRessources naturelles|zCanada. |
| 650 | 6|aAutochtones|zCanada|xRelations avec l'État. |
| 710 | 1 |aCanada. |bRessources naturelles Canada, |eorganisme de publication. |
| 775 | 08|tWhat we heard : |w(CaOODSP)9.946599 |
| 776 | 0#|tCe que nous avons entendu : |w(CaOODSP)9.946602 |
| 856 | 40|qPDF|s2.19 Mo|uhttps://publications.gc.ca/collections/collection_2025/rncan-nrcan/M4-258-2025-fra.pdf |
| 856 | 4 |qHTML|sS.O.|uhttps://ressources-naturelles.canada.ca/peuples-autochtones-ressources-naturelles/nous-avons-entendu-mobilisation-l-egard-cadre-national-partage-avantages-programme-garanties-prets-autochtones |